Online
Catalog

La república española y la guerra civil / (Record no. 1712)

MARC details
000 -CABECERA
campo de control de longitud fija 00813nam a2200229 a 4500
001 - NÚMERO DE CONTROL
campo de control 000001835
005 - FECHA Y HORA DE LA ÚLTIMA TRANSACCIÓN
campo de control 20200929145725.0
008 - DATOS DE LONGITUD FIJA--INFORMACIÓN GENERAL
campo de control de longitud fija 090629s2005 es 001 0 spa d
020 ## - NÚMERO INTERNACIONAL ESTÁNDAR DEL LIBRO
Número Internacional Estándar del Libro 8447336336
040 ## - FUENTE DE LA CATALOGACIÓN
Centro catalogador/agencia de origen DO-SdBNP
049 ## - FONDOS LOCALES (OCLC)
Fondos de biblioteca BNPHD
100 1# - ENTRADA PRINCIPAL--NOMBRE DE PERSONA
Nombre de persona Jackson, Grabriel
9 (RLIN) 5979
245 13 - MENCIÓN DE TÍTULO
Título La república española y la guerra civil /
Mención de responsabilidad, etc. Grabriel Jackson; traducción Enrique Obregón.
260 ## - PUBLICACIÓN, DISTRIBUCIÓN, ETC.
Lugar de publicación, distribución, etc. Madrid :
Nombre del editor, distribuidor, etc. Arte Gráficas,
Fecha de publicación, distribución, etc. 2005.
300 ## - DESCRIPCIÓN FÍSICA
Extensión 494 p. :
Otras características físicas il., mapas ;
Dimensiones 25 cm.
440 #0 - MENCIÓN DE SERIE/PUNTO DE ACCESO ADICIONAL--TÍTULO
Título Biblioteca Historia de España
9 (RLIN) 5980
504 ## - NOTA DE BIBLIOGRAFÍA, ETC.
Nota de bibliografía, etc. Incluye bibliografía (p. 467-482)
534 ## - NOTA SOBRE LA VERSIÓN ORIGINAL
Encabezamiento principal del original Enrique Obregón
Mención de edición del original The Spanish Republic and the Civil War
Nota sobre el original traducido al español
500 ## - NOTA GENERAL
Nota general Incluye notas al pie de las paginas
500 ## - NOTA GENERAL
Nota general Incluye índice
700 1# - PUNTO DE ACCESO ADICIONAL--NOMBRE DE PERSONA
Nombre de persona Obregón, Enrique
Término indicativo de función/relación traducción
9 (RLIN) 5981
Holdings
Estado de retiro Estado de pérdida Restricciones de uso No para préstamo Código de colección Localización permanente Ubicación/localización actual Ubicación en estantería Fecha de adquisición Número de inventario Total de préstamos Signatura topográfica completa Código de barras Fecha visto por última vez Precio válido a partir de Tipo de ítem Koha
    Préstamo interno   Monografías: Libros y Folletos General General En catalogación 29.06.2009 LF1   1835-10 25.06.2020 25.06.2020 Préstamo interno

Powered by Koha